Comuni della Provincia di Milano (con mappa) - Statistics

Statistiche generali
  • Questo quiz è stato fatto 176 volte
  • Il punteggio medio è 42 su 133
Risposte nella Mappa
Le risposte nella mappa del quiz sottostante sono codificate secondo una scala di colori dal rosso al verde in base alla % di persone che hanno risposto correttamente.
 
Statistiche sulle risposte
Risposta % Corretto
Milano
98%
Rho
90%
Sesto San Giovanni
77%
Cinisello Balsamo
72%
Rozzano
69%
Cernusco sul Naviglio
67%
Legnano
66%
Cologno Monzese
65%
Abbiategrasso
63%
Assago
60%
San Donato Milanese
60%
Segrate
60%
Gorgonzola
59%
Pero
54%
San Giuliano Milanese
52%
Bollate
51%
Cormano
49%
Corsico
49%
Cusano Milanino
49%
Arese
48%
Paderno Dugnano
48%
Gessate
47%
Magenta
47%
Novate Milanese
47%
Vimodrone
47%
Lainate
46%
Pioltello
46%
Melegnano
45%
Trezzano sul Naviglio
45%
Bresso
43%
Settimo Milanese
41%
Trezzo sull'Adda
41%
Carugate
40%
Garbagnate Milanese
40%
Melzo
40%
Opera
40%
Parabiago
40%
Arluno
39%
Buccinasco
39%
Cassano d'Adda
39%
Cassina de' Pecchi
39%
Cesano Boscone
39%
Peschiera Borromeo
39%
Baranzate
37%
Albairate
35%
Busto Garolfo
31%
Cesate
31%
Corbetta
31%
Bussero
30%
Cornaredo
30%
Paullo
30%
Cusago
29%
Motta Visconti
29%
Vittuone
29%
Zibido San Giacomo
29%
Inzago
28%
Lacchiarella
28%
Pozzuolo Martesana
28%
Senago
28%
Vanzago
28%
Binasco
27%
Canegrate
27%
Gaggiano
27%
Inveruno
27%
Locate di Triulzi
27%
Nerviano
27%
San Colombano al Lambro
27%
Vignate
27%
Morimondo
25%
Pieve Emanuele
25%
Pogliano Milanese
25%
San Giorgio su Legnano
25%
Vaprio d'Adda
25%
Bareggio
24%
Basiglio
24%
Cerro Maggiore
24%
Pessano con Bornago
24%
San Zenone al Lambro
24%
Solaro
24%
Arconate
23%
Liscate
23%
Marcallo con Casone
23%
Mediglia
23%
Pantigliate
23%
Rescaldina
23%
Rosate
23%
Truccazzano
23%
Castano Primo
22%
Cerro al Lambro
22%
Pregnana Milanese
22%
Rodano
22%
San Vittore Olona
22%
Settala
22%
Trezzano Rosa
22%
Vizzolo Predabissi
22%
Cuggiono
20%
Dairago
20%
Robecco sul Naviglio
20%
Sedriano
20%
Villa Cortese
20%
Buscate
19%
Cambiago
19%
Ozzero
19%
Casorezzo
18%
Magnago
18%
Pozzo d'Adda
18%
Tribiano
18%
Turbigo
18%
Bernate Ticino
17%
Carpiano
17%
Cassinetta di Lugagnano
17%
Dresano
17%
Mesero
17%
Nosate
17%
Vanzaghello
17%
Bellinzago Lombardo
16%
Besate
16%
Cisliano
16%
Colturano
16%
Gudo Visconti
16%
Noviglio
16%
Ossona
16%
Robecchetto con Induno
16%
Vermezzo con Zelo
16%
Vernate
16%
Basiano
14%
Boffalora sopra Ticino
14%
Bubbiano
14%
Calvignasco
14%
Casarile
14%
Grezzago
14%
Masate
13%
Santo Stefano Ticino
12%
Nessun quiz corrispondente trovato
Distribuzione punteggi
Percentuale di utenti per punteggio
Percentile per numero di risposta
I tuoi punteggi nel tempo
Non hai fatto questo quiz